Skip to content
VuFind
All Fields
Title
Author
Subject
Call Number
ISBN/ISSN
Tag
Find
Advanced
Squash
Cite this
Print
Export Record
Export to RefWorks
Export to EndNoteWeb
Export to EndNote
Export to MARC
Squash
Bibliographic Details
Format:
Book
Holdings
Description
Similar Items
Staff View
MARC
LEADER
00000cam a2200000 7i4500
001
0000008366
002
000009121
005
20000330.0
020
|a
0706368851
090
0
0
|a
786.343
|b
PEA
245
1
0
|a
Squash
999
|a
023534
|b
BUKU
|c
PINJAMAN
|e
PERPUSTAKAAN KOMUNITI PETALING JAYA
Similar Items
Percussion instruments and their history
by: Blades, James
Published: (1984)
Rhythm & beauty : the art of percussion
by: Maffit, Rocky
Published: (2005)
Pianos
by: Currie, Stephen
Published: (2006)
Play the piano and keyboard made easy : comprehensive sound links
by: Brown, Alan
Published: (2013)
Kompang
by: Erwan Sulaiman
Published: (2011)